000 00251 a2200109 4500
001 73732
082 _a629.1323 CAE
090 _c38984
_d38984
100 _aCAE
245 _aCAE Subsonic wind tunnel
_cEnglish
260 _aCAE Risalpur
_bCAE
_c1977
942 _aCAE NUST
_k629.1323 CAE
999 _c308805
_d308805